संग्रहालय अनुशीलन / (Record no. 121372)
[ view plain ]
| 000 -LEADER | |
|---|---|
| fixed length control field | 01258nam a22002777a 4500 |
| 005 - DATE AND TIME OF LATEST TRANSACTION | |
| control field | 20170124103213.0 |
| 010 ## - LIBRARY OF CONGRESS CONTROL NUMBER | |
| LC control number | 344503 |
| 020 ## - INTERNATIONAL STANDARD BOOK NUMBER | |
| Terms of availability | 25.00 |
| 035 ## - SYSTEM CONTROL NUMBER | |
| System control number | 344503 |
| 037 ## - SOURCE OF ACQUISITION | |
| Source of stock number/acquisition | Cen Lib/Ret |
| 040 ## - CATALOGING SOURCE | |
| Original cataloging agency | DPL |
| Language of cataloging | HN |
| 082 ## - DEWEY DECIMAL CLASSIFICATION NUMBER | |
| Classification number | 069 |
| Item number | संग्रहा |
| 245 ## - TITLE STATEMENT | |
| Title | संग्रहालय अनुशीलन / |
| Statement of responsibility, etc | राय चौधरी...[एट.अल] ; अनुवादक रमेश वर्मा |
| 246 ## - VARYING FORM OF TITLE | |
| Title proper/short title | Sangrahalya anusheelan / |
| Remainder of title | by Ray Chaudhari...[et.al] ; anuvadak Ramesh Verma |
| 260 ## - PUBLICATION, DISTRIBUTION, ETC. (IMPRINT) | |
| Place of publication, distribution, etc | दिल्ली |
| Name of publisher, distributor, etc | एम.के.पब्लिकेशन्स |
| Date of publication, distribution, etc | 1965 |
| 270 ## - ADDRESS | |
| City | दिल्ली |
| Postal code | 110032 |
| 300 ## - PHYSICAL DESCRIPTION | |
| Extent | 159पृ. |
| Dimensions | 23सेमी(सजिल्द ) |
| 500 ## - GENERAL NOTE | |
| General note | अनुक्रमाणिका और संदर्भ शामिल |
| 650 ## - SUBJECT ADDED ENTRY--TOPICAL TERM | |
| Topical term or geographic name as entry element | पुस्तकालय विज्ञान |
| General subdivision | |
| Geographic subdivision | |
| 9 (RLIN) | 69942 |
| 650 ## - SUBJECT ADDED ENTRY--TOPICAL TERM | |
| Topical term or geographic name as entry element | पुस्तकालय विज्ञान -- अनुशीलन |
| 9 (RLIN) | 86559 |
| 650 ## - SUBJECT ADDED ENTRY--TOPICAL TERM | |
| Topical term or geographic name as entry element | Library Science |
| 9 (RLIN) | 96825 |
| 650 ## - SUBJECT ADDED ENTRY--TOPICAL TERM | |
| Topical term or geographic name as entry element | Library science - practice |
| 9 (RLIN) | 96826 |
| 700 ## - ADDED ENTRY--PERSONAL NAME | |
| Personal name | वर्मा, रमेश |
| 9 (RLIN) | 96827 |
| 700 ## - ADDED ENTRY--PERSONAL NAME | |
| Personal name | चौधरी, राय |
| 9 (RLIN) | 96828 |
| 942 ## - ADDED ENTRY ELEMENTS (KOHA) | |
| Source of classification or shelving scheme | Dewey Decimal Classification |
| Koha item type | Hindi Books |
| Classification part | 069 |
| Call number suffix | संग्रहा |
| Withdrawn status | Lost status | Damaged status | Not for loan | Collection code | Home library | Current library | Date acquired | Source of acquisition | Cost, normal purchase price | Total Checkouts | Full call number | Barcode | Date last seen | Copy number | Cost, replacement price | Price effective from | Koha item type |
|---|---|---|---|---|---|---|---|---|---|---|---|---|---|---|---|---|---|
| Not For Loan | Reference | Central Library | Central Library | 06/10/2015 | Cen Lib/Ret | 25.00 | 069 संग्रहा | 344503 | 06/10/2015 | 1 | 25.00 | 06/10/2015 | Hindi Books |
